000 00364 a2200121 4500
040 _aDLC
_bDLC
100 _aEjaz Rahi
245 _aPakistano adab kay memmar, Jamil malik, fun aur shakhsiat
_cDr.Ejaz Rahi
_h[Urdu]
260 _aRawalpindi :
_bPublishers,
_c2003.
300 _a189 p.
_c24 cm.
650 _aBiography--Urdu--Jamil malik
942 _cBK
_k891.4393 EJA
_2ddc
999 _c10303
_d10303